[Event "Junior Online 4NCL Division 1"]
[Site "online"]
[Date "2021.03.18"]
[EventDate "2021.03.18"]
[Round "5.42"]
[White "Shrestha, Unnabh"]
[WhiteElo "1494"]
[WhiteTeam "East Kilbride Knights"]
[Black "Vaidya, Raghav"]
[BlackElo "1726"]
[BlackTeam "The Numerators"]
[Result "0-1"]
[PlyCount "78"]

1. d4 Nf6 2. Bf4 c5 3. e3 cxd4 4. exd4 d5 5. Nf3 Nc6 6. Bb5 Bg4 7. h3 Bh5 8. c3 a6 9. Ba4 b5 10. Bc2 e6 11. a3 Bd6 12. Bxd6 Qxd6 13. Nbd2 O-O 14. O-O Nd7 15. Qe1 e5 16. dxe5 Ndxe5 17. Nxe5 Nxe5 18. Qe3 Rae8 19. Qg3 Qh6 20. Nb3 f5 21. Rfe1 f4 22. Qh2 Qg5 23. Nd4 Bg6 24. Bb3 Be4 25. Rxe4 Nf3+ 26. Kh1 Nxh2 27. Kxh2 Rxe4 28. Nf3 Qf5 29. Nh4 Qe5 30. Nf3 Qd6 31. Rd1 Rf5 32. Nh4 Rh5 33. Nf3 Kh8 34. Rd2 g5 35. Kg1 g4 36. hxg4 Rh6 37. Rxd5 Qe7 38. g5 Re1+ 39. Nxe1 Qxe1# {[W: 0:01:07; B: 0:00:15]} 0-1

[Event "Junior Online 4NCL Division 1"]
[Site "online"]
[Date "2021.03.18"]
[EventDate "2021.03.18"]
[Round "5.43"]
[White "Dupuis, Denis K"]
[WhiteElo "1792"]
[WhiteTeam "The Numerators"]
[Black "Tandon, Ashley"]
[BlackElo "1353"]
[BlackTeam "East Kilbride Knights"]
[Result "1-0"]
[PlyCount "25"]

1. e4 c6 2. d4 d5 3. exd5 cxd5 4. c4 Nf6 5. Nc3 Nc6 6. Nf3 Bg4 7. cxd5 Nxd5 8. Qb3 Bxf3 9. gxf3 Nxd4 10. Qxd5 Nc2+ 11. Kd1 Nxa1 12. Bb5+ Qd7 13. Qxd7# {[W: 0:05:06; B: 0:07:47]} 1-0

[Event "Junior Online 4NCL Division 1"]
[Site "online"]
[Date "2021.03.18"]
[EventDate "2021.03.18"]
[Round "5.44"]
[White "Pardeshi, Prachi"]
[WhiteElo "754"]
[WhiteTeam "East Kilbride Knights"]
[Black "Agrawal, Shivam"]
[BlackElo "1735"]
[BlackTeam "The Numerators"]
[Result "0-1"]
[PlyCount "48"]

1. e4 c6 2. d4 d5 3. e5 Bf5 4. Nf3 e6 5. Nc3 c5 6. Bb5+ Nc6 7. Na4 Qa5+ 8. c3 Qxb5 9. Nxc5 Bxc5 10. dxc5 Qxc5 11. Be3 Qa5 12. Qb3 Nge7 13. Qxb7 Rb8 14. b4 Qa3 15. Qc7 Qxc3+ 16. Bd2 Qxa1+ 17. Ke2 Qxh1 18. g3 Bg4 19. Be3 Bxf3+ 20. Kd3 Qd1+ 21. Bd2 Nxb4+ 22. Ke3 Nf5+ 23. Kf4 Qxd2+ 24. Kxf3 O-O {[W: 0:08:15; B: 0:09:18]} 0-1

[Event "Junior Online 4NCL Division 1"]
[Site "online"]
[Date "2021.03.18"]
[EventDate "2021.03.18"]
[Round "5.45"]
[White "Madhavan, Sanjith"]
[WhiteElo "1675"]
[WhiteTeam "East Kilbride Knights"]
[Black "Verma, Shlok"]
[BlackElo "1908"]
[BlackTeam "The Numerators"]
[Result "1-0"]
[PlyCount "147"]

1. e4 e6 2. d4 d5 3. Nd2 dxe4 4. Nxe4 Nd7 5. Nf3 Ngf6 6. Nxf6+ Nxf6 7. Bd3 Be7 8. O-O O-O 9. Bg5 h6 10. Bh4 b6 11. c3 Bb7 12. Ne5 c5 13. dxc5 Bxc5 14. Qe2 Qd5 15. Nf3 Be7 16. Rfe1 Rad8 17. Be4 Qxe4 18. Qxe4 Bxe4 19. Bxf6 Bxf6 20. Rxe4 Rd3 21. Re3 Rfd8 22. Rxd3 Rxd3 23. Kf1 e5 24. Ke2 e4 25. Nd2 Be7 26. Nxe4 Rd5 27. Rd1 Re5 28. Kf3 f5 29. Ng3 g5 30. h3 Kf7 31. Nf1 h5 32. Ne3 g4+ 33. hxg4 fxg4+ 34. Kf4 Rb5 35. Rd2 Kg6 36. Kg3 Bf6 37. f4 gxf3 38. Kxf3 a5 39. Nd5 Bg5 40. Nf4+ Kf7 41. Rd5 Rxd5 42. Nxd5 Bc1 43. b3 b5 44. Nc7 b4 45. cxb4 axb4 46. Nd5 Ba3 47. Nf4 h4 48. Kg4 Kf6 49. Kxh4 Ke5 50. Nd3+ Kd4 51. Nxb4 Bxb4 52. g4 Be7+ 53. Kh5 Kc3 54. g5 Kb2 55. g6 Bf8 56. b4 Kxa2 57. b5 Kb3 58. b6 Kc4 59. b7 Bd6 60. g7 Kc5 61. g8=Q Kc6 62. b8=Q Bxb8 63. Qxb8 Kd5 64. Qe8 Kc4 65. Qd7 Kb3 66. Qc6 Ka2 67. Qb6 Ka1 68. Kg4 Ka2 69. Kf3 Ka1 70. Ke3 Ka2 71. Kd2 Ka3 72. Kc2 Ka4 73. Kc3 Ka3 74. Qa6# {[W: 0:02:56; B: 0:01:45]} 1-0

[Event "Junior Online 4NCL Division 1"]
[Site "online"]
[Date "2021.03.18"]
[EventDate "2021.03.18"]
[Round "5.46"]
[White "Vaidya, Raghav"]
[WhiteElo "1726"]
[WhiteTeam "The Numerators"]
[Black "Shrestha, Unnabh"]
[BlackElo "1494"]
[BlackTeam "East Kilbride Knights"]
[Result "0-1"]
[PlyCount "78"]

1. c4 Nf6 2. Nc3 c5 3. g3 g6 4. Bg2 Bg7 5. Nf3 Nc6 6. d4 cxd4 7. Nxd4 Nxd4 8. Qxd4 d6 9. h3 Qc7 10. b3 Bd7 11. Bb2 Bc6 12. O-O Bxg2 13. Kxg2 O-O 14. Rad1 Qc6+ 15. Nd5 e6 16. e4 exd5 17. exd5 Qd7 18. Qh4 Nh5 19. Bc1 Rfe8 20. Bg5 Re5 21. g4 h6 22. Bc1 Bf6 23. g5 Bxg5 24. Bxg5 hxg5 25. Qg4 Qxg4+ 26. hxg4 Nf4+ 27. Kg3 Re2 28. Rh1 Rxa2 29. Rh2 Rb2 30. Rdh1 Rxb3+ 31. f3 Kg7 32. Re1 Kf6 33. Rc2 a5 34. Rd1 a4 35. c5 Rc8 36. c6 a3 37. c7 Rb2 38. Rdc1 Ne2+ 39. Rxe2 Rxe2 {[W: 0:00:08; B: 0:01:51]} 0-1

[Event "Junior Online 4NCL Division 1"]
[Site "online"]
[Date "2021.03.18"]
[EventDate "2021.03.18"]
[Round "5.47"]
[White "Tandon, Ashley"]
[WhiteElo "1353"]
[WhiteTeam "East Kilbride Knights"]
[Black "Dupuis, Denis K"]
[BlackElo "1792"]
[BlackTeam "The Numerators"]
[Result "0-1"]
[PlyCount "134"]

1. d4 d5 2. c4 c6 3. Nc3 Nf6 4. Nf3 e6 5. e3 Bd6 6. Bd3 O-O 7. O-O Nbd7 8. a3 a5 9. h3 Re8 10. cxd5 exd5 11. a4 Nb6 12. Re1 Qc7 13. e4 dxe4 14. Nxe4 Nxe4 15. Bxe4 Be6 16. Ng5 g6 17. Nxe6 Rxe6 18. Bh6 Rae8 19. Qc2 f5 20. Qb3 fxe4 21. Rxe4 Nd5 22. Rxe6 Rxe6 23. Rc1 Qe7 24. Bd2 Re2 25. Be3 Kh8 26. Qd3 Rxb2 27. Rb1 Rxb1+ 28. Qxb1 Nxe3 29. fxe3 Qxe3+ 30. Kf1 Qxd4 31. Qxb7 Qd1+ 32. Kf2 Bc5+ 33. Kg3 Qd6+ 34. Kf3 Qf6+ 35. Ke2 Qf2+ 36. Kd3 Qe3+ 37. Kc2 Qe4+ 38. Kd2 Bb4+ 39. Kd1 Qd3+ 40. Kc1 Bd2+ 41. Kb2 Qc3+ 42. Ka2 Qc4+ 43. Kb2 Qb4+ 44. Qxb4 Bxb4 45. g4 Kg7 46. h4 Kf6 47. Kb3 Ke5 48. Kc4 c5 49. Kd3 g5 50. hxg5 Kf4 51. Kc4 Kxg5 52. Kd5 Kxg4 53. Ke4 c4 54. Kd4 c3 55. Kd3 h5 56. Kc2 h4 57. Kd3 h3 58. Kc2 h2 59. Kb3 h1=Q 60. Kc4 Qc6+ 61. Kb3 Qd5+ 62. Kc2 Qd2+ 63. Kb3 Qb2+ 64. Kc4 c2 65. Kb5 c1=Q 66. Ka6 Qc6+ 67. Ka7 Bc5# {[W: 0:02:11; B: 0:01:47]} 0-1

[Event "Junior Online 4NCL Division 1"]
[Site "online"]
[Date "2021.03.18"]
[EventDate "2021.03.18"]
[Round "5.48"]
[White "Agrawal, Shivam"]
[WhiteElo "1735"]
[WhiteTeam "The Numerators"]
[Black "Pardeshi, Prachi"]
[BlackElo "754"]
[BlackTeam "East Kilbride Knights"]
[Result "1-0"]
[PlyCount "69"]

1. d4 d5 2. Nf3 Nc6 3. b3 Nf6 4. Bb2 e6 5. e3 a6 6. c4 dxc4 7. Bxc4 b5 8. Bd3 Nb4 9. O-O Nxd3 10. Qxd3 c5 11. Rd1 cxd4 12. Nxd4 Bb7 13. Nc3 Bd6 14. Ndxb5 Bxh2+ 15. Kxh2 Qxd3 16. Rxd3 axb5 17. Nxb5 O-O 18. Bxf6 gxf6 19. Rd2 Rfd8 20. Rad1 Rd5 21. Rxd5 exd5 22. a4 Rc8 23. Nd6 Rc7 24. Nxb7 Rxb7 25. Rxd5 Rxb3 26. Rd8+ Kg7 27. Ra8 Rb2 28. Kg3 f5 29. a5 Rb7 30. a6 Rc7 31. a7 Kf6 32. Kf3 Ke5 33. Re8+ Kf6 34. a8=Q Kg5 35. Qd8+ {[W: 0:04:18; B: 0:02:38]} 1-0

[Event "Junior Online 4NCL Division 1"]
[Site "online"]
[Date "2021.03.18"]
[EventDate "2021.03.18"]
[Round "5.51"]
[White "Ravithas, Abinash"]
[WhiteElo "1472"]
[WhiteTeam "St Albans Early Knights 2"]
[Black "Lv, Jason"]
[BlackElo "1855"]
[BlackTeam "Leicestershire Juniors 1"]
[Result "1-0"]
[PlyCount "93"]

1. e4 e5 2. Nf3 Nc6 3. Bc4 Bc5 4. Nc3 Nf6 5. d3 O-O 6. O-O h6 7. h3 d6 8. Be3 Bb6 9. Re1 Be6 10. Bb3 Qd7 11. Nd5 Bxd5 12. Bxd5 Nxd5 13. exd5 Ne7 14. c4 f5 15. Bxb6 axb6 16. b4 Ng6 17. a4 Ra7 18. b5 Rfa8 19. Re2 Nf4 20. Rea2 Qf7 21. Qd2 Ra5 22. d4 Qg6 23. Nh4 Qg5 24. g3 Rxa4 25. Kh2 Rxa2 26. Rxa2 Rxa2 27. Qxa2 Nd3 28. dxe5 Nxe5 29. f4 Qf6 30. fxe5 dxe5 31. Qa8+ Kh7 32. Qxb7 Qf7 33. d6 f4 34. Qe4+ g6 35. gxf4 cxd6 36. fxe5 dxe5 37. Qxe5 Qxc4 38. Qe7+ Kg8 39. Qe8+ Kh7 40. Qxg6+ Kh8 41. Qxh6+ Kg8 42. Qg6+ Kf8 43. Qf5+ Ke8 44. Qe5+ Kd8 45. Qd6+ Ke8 46. Qc6+ Kf7 47. Qxc4+ {[W: 0:00:32; B: 0:00:18]} 1-0

[Event "Junior Online 4NCL Division 1"]
[Site "online"]
[Date "2021.03.18"]
[EventDate "2021.03.18"]
[Round "5.52"]
[White "Pyun, Lindsay"]
[WhiteElo "1469"]
[WhiteTeam "Leicestershire Juniors 1"]
[Black "Vitvitska, Vasylyna"]
[BlackElo "1327"]
[BlackTeam "St Albans Early Knights 2"]
[Result "1-0"]
[PlyCount "119"]

1. e4 e5 2. Nf3 Nc6 3. Bc4 Bc5 4. d3 h6 5. c3 d6 6. O-O Nf6 7. Nbd2 Bg4 8. h3 Bh5 9. Re1 O-O 10. Nf1 Na5 11. Bb3 Nxb3 12. axb3 a6 13. Ng3 Bxf3 14. Qxf3 Qd7 15. Nf5 Kh7 16. Qg3 Rg8 17. Qh4 h5 18. g4 g6 19. Qxf6 Qe6 20. Qxe6 fxe6 21. Ne3 hxg4 22. Nxg4 Raf8 23. Be3 Rf3 24. Bxc5 dxc5 25. Kg2 Rxd3 26. Rad1 Rgd8 27. Rxd3 Rxd3 28. Re2 Rd5 29. exd5 exd5 30. Nxe5 g5 31. Nd7 c4 32. bxc4 dxc4 33. Kg3 b5 34. Kg4 Kg6 35. h4 gxh4 36. Kxh4 a5 37. Nb8 b4 38. cxb4 axb4 39. Nc6 c3 40. bxc3 bxc3 41. Nb4 c5 42. Nd5 c4 43. Nxc3 Kf5 44. Re4 Kg6 45. Rxc4 Kf5 46. Ne2 Ke5 47. Kg3 Kd5 48. Ra4 Ke5 49. f4+ Kd5 50. Nc3+ Ke6 51. Re4+ Kf5 52. Re5+ Kf6 53. Kg4 Kg6 54. f5+ Kh6 55. f6 Kg6 56. Rf5 Kf7 57. Kg5 Kf8 58. f7 Kg7 59. f8=Q+ Kh7 60. Rf7# {[W: 0:07:51; B: 0:01:02]} 1-0

[Event "Junior Online 4NCL Division 1"]
[Site "online"]
[Date "2021.03.18"]
[EventDate "2021.03.18"]
[Round "5.53"]
[White "Owladi, Dara"]
[WhiteElo "1249"]
[WhiteTeam "St Albans Early Knights 2"]
[Black "Moughtin-Leay, John"]
[BlackElo "1337"]
[BlackTeam "Leicestershire Juniors 1"]
[Result "1-0"]
[PlyCount "111"]

1. e4 e5 2. Nc3 Bc5 3. Nf3 Nc6 4. Bc4 d6 5. d3 h6 6. Be3 Bb6 7. O-O Be6 8. Bb3 Nge7 9. Qd2 O-O 10. Bxh6 gxh6 11. Qxh6 f6 12. Bxe6+ Rf7 13. Qxf6 Qf8 14. Ng5 Nd8 15. Bxf7+ Nxf7 16. Nd5 Nxd5 17. Qg6+ Qg7 18. Qxg7+ Kxg7 19. exd5 Nxg5 20. h4 Nh7 21. Kh2 c6 22. dxc6 bxc6 23. f4 exf4 24. Rxf4 Rf8 25. Kg3 Nf6 26. Raf1 Nh5+ 27. Kg4 Rxf4+ 28. Rxf4 Nxf4 29. Kxf4 Kf6 30. g4 Bc7 31. g5+ Kg6 32. Kg4 Bd8 33. h5+ Kh7 34. Kf5 Be7 35. c4 c5 36. a3 a5 37. Ke6 Bxg5 38. Kxd6 Be3 39. b3 Kh6 40. Kc6 Kxh5 41. Kb5 Kg5 42. Kxa5 Kf6 43. b4 cxb4 44. axb4 Ke6 45. Kb5 Kd7 46. c5 Kc7 47. Kc4 Kc6 48. d4 Bd2 49. b5+ Kd7 50. c6+ Kc7 51. Kc5 Be3 52. b6+ Kb8 53. Kd6 Bxd4 54. c7+ Kc8 55. Kc6 Bc5 56. b7# {[W: 0:04:51; B: 0:08:33]} 1-0

[Event "Junior Online 4NCL Division 1"]
[Site "online"]
[Date "2021.03.18"]
[EventDate "2021.03.18"]
[Round "5.54"]
[White "Mehta, Sophie"]
[WhiteElo "1334"]
[WhiteTeam "Leicestershire Juniors 1"]
[Black "Shaporenkov, Robert"]
[BlackElo "1287"]
[BlackTeam "St Albans Early Knights 2"]
[Result "1-0"]
[PlyCount "121"]

1. d4 d6 2. Bf4 Nf6 3. e3 Nbd7 4. Nf3 e5 5. dxe5 dxe5 6. Nxe5 Bd6 7. Nxd7 Qxd7 8. Bxd6 Ne4 9. Bg3 Qxd1+ 10. Kxd1 Nxg3 11. hxg3 O-O 12. Bd3 Be6 13. Bxh7+ Kh8 14. Be4+ Kg8 15. Nd2 Rfd8 16. Ke2 Kf8 17. Rh8+ Ke7 18. Rxd8 Rxd8 19. Bxb7 Rb8 20. Be4 Rxb2 21. a4 f5 22. Bd3 Rb4 23. a5 Kd6 24. Rb1 Ra4 25. Rb7 Rxa5 26. Nc4+ Bxc4 27. Bxc4 Rc5 28. Kd3 Ra5 29. Rb5 Ra3+ 30. Rb3 Ra4 31. Bb5 Ra5 32. Kc4 Ra1 33. Kb4 Rd1 34. Ra3 Rb1+ 35. Kc4 Rc1 36. Kd3 Rd1+ 37. Ke2 Rc1 38. Kd2 Rg1 39. Rxa7 Rxg2 40. Ke2 Rg1 41. Bd3 Rb1 42. Bxf5 Rc1 43. Ra8 g5 44. Rg8 g4 45. Rxg4 c5 46. Kd2 Ra1 47. Rg6+ Kc7 48. Rg7+ Kd8 49. Rd7+ Ke8 50. g4 c4 51. g5 c3+ 52. Kxc3 Ra6 53. g6 Rxg6 54. Bxg6+ Kxd7 55. f4 Ke7 56. Kd4 Kf8 57. c4 Ke7 58. f5 Kd7 59. f6 Kd8 60. f7 Ke7 61. c5 {[W: 0:06:53; B: 0:06:33]} 1-0

[Event "Junior Online 4NCL Division 1"]
[Site "online"]
[Date "2021.03.18"]
[EventDate "2021.03.18"]
[Round "5.55"]
[White "Lv, Jason"]
[WhiteElo "1855"]
[WhiteTeam "Leicestershire Juniors 1"]
[Black "Ravithas, Abinash"]
[BlackElo "1472"]
[BlackTeam "St Albans Early Knights 2"]
[Result "1/2-1/2"]
[PlyCount "96"]

1. d4 d5 2. c4 e6 3. Nc3 Nf6 4. Nf3 Bb4 5. Qc2 Nc6 6. Bg5 Be7 7. e3 h6 8. Bh4 O-O 9. Rc1 Nb4 10. Qb1 a5 11. a3 Nc6 12. Bg3 Bd6 13. Bd3 Re8 14. Bh4 Be7 15. O-O b6 16. Bxf6 Bxf6 17. cxd5 exd5 18. Bb5 Re6 19. Ne2 Na7 20. Bd3 c6 21. Nf4 Rd6 22. b4 a4 23. Rc3 Bb7 24. Rfc1 Rc8 25. Qc2 b5 26. Bf1 Qb6 27. Nd3 Rc7 28. Nc5 Be7 29. Ne5 Bf6 30. f4 Re7 31. Qf5 Bc8 32. Qh5 Bxe5 33. fxe5 Rg6 34. Bd3 Rg5 35. Qh4 Qd8 36. Rf1 Rexe5 37. Qf2 Re7 38. Kh1 Qd6 39. Rc2 Rh5 40. g3 Bh3 41. Rg1 Qf6 42. Qe2 Qg5 43. e4 dxe4 44. Nxe4 Qd5 45. Qf3 Rf5 46. Qe2 Rh5 47. Qf3 Rf5 48. Qe2 Rh5 {[W: 0:00:14; B: 0:00:17]} 1/2-1/2

[Event "Junior Online 4NCL Division 1"]
[Site "online"]
[Date "2021.03.18"]
[EventDate "2021.03.18"]
[Round "5.56"]
[White "Vitvitska, Vasylyna"]
[WhiteElo "1327"]
[WhiteTeam "St Albans Early Knights 2"]
[Black "Pyun, Lindsay"]
[BlackElo "1469"]
[BlackTeam "Leicestershire Juniors 1"]
[Result "0-1"]
[PlyCount "70"]

1. e4 e5 2. Nf3 Nc6 3. Bc4 Bc5 4. Nc3 Nf6 5. d3 h6 6. Be3 Bb6 7. Nd5 O-O 8. Nxb6 axb6 9. Qd2 d6 10. h3 Be6 11. g4 Bxc4 12. dxc4 Nxe4 13. Qd3 Nc5 14. Qd2 f5 15. gxf5 Rxf5 16. Nh2 Qh4 17. Rg1 Qxh3 18. Bxh6 Qxh2 19. Qd5+ Rf7 20. Rxg7+ Kh8 21. Qxf7 Qh1+ 22. Ke2 Nd4+ 23. Ke3 Qxh6+ 24. f4 Nxc2+ 25. Ke2 Nxa1 26. Rg4 Nc2 27. Rg5 Nd4+ 28. Ke3 exf4+ 29. Kd2 Nf3+ 30. Ke2 Nxg5 31. Qf5 Re8+ 32. Kf2 Qh2+ 33. Kf1 Qe2+ 34. Kg1 Nf3+ 35. Kh1 Qh2# {[W: 0:00:18; B: 0:05:25]} 0-1

[Event "Junior Online 4NCL Division 1"]
[Site "online"]
[Date "2021.03.18"]
[EventDate "2021.03.18"]
[Round "5.57"]
[White "Moughtin-Leay, John"]
[WhiteElo "1337"]
[WhiteTeam "Leicestershire Juniors 1"]
[Black "Owladi, Dara"]
[BlackElo "1249"]
[BlackTeam "St Albans Early Knights 2"]
[Result "0-1"]
[PlyCount "84"]

1. c4 e5 2. Nc3 c5 3. e4 Nc6 4. d3 d6 5. Be3 Be6 6. Nf3 g6 7. g3 Bg7 8. Bg2 Nge7 9. O-O f5 10. Nd2 O-O 11. f3 fxe4 12. fxe4 Qd7 13. Nf3 Nd4 14. a3 Bg4 15. Bxd4 exd4 16. Nd5 Nxd5 17. exd5 Bxf3 18. Bxf3 Rae8 19. b4 b6 20. b5 Re3 21. Qd2 Rexf3 22. Rxf3 Rxf3 23. Rf1 Qf5 24. Qe2 Rxf1+ 25. Qxf1 Kf7 26. Qxf5+ gxf5 27. Kf2 Kf6 28. h3 Bh6 29. a4 f4 30. gxf4 Bxf4 31. Kf3 Kf5 32. h4 h5 33. Ke2 Kg4 34. Kf2 Be3+ 35. Ke2 Kg3 36. Ke1 Kxh4 37. Kf1 Kg3 38. Ke2 h4 39. Kf1 h3 40. a5 h2 41. axb6 Kf3 42. bxa7 h1=Q# {[W: 0:10:08; B: 0:10:47]} 0-1

[Event "Junior Online 4NCL Division 1"]
[Site "online"]
[Date "2021.03.18"]
[EventDate "2021.03.18"]
[Round "5.58"]
[White "Shaporenkov, Robert"]
[WhiteElo "1287"]
[WhiteTeam "St Albans Early Knights 2"]
[Black "Mehta, Sophie"]
[BlackElo "1334"]
[BlackTeam "Leicestershire Juniors 1"]
[Result "0-1"]
[PlyCount "76"]

1. d4 Nf6 2. Bf4 g6 3. e3 Bg7 4. Nd2 d6 5. Bd3 O-O 6. Ngf3 Nc6 7. c3 Bg4 8. Bb5 e5 9. Bxc6 exf4 10. h3 Bc8 11. Ba4 fxe3 12. fxe3 Bd7 13. Bxd7 Qxd7 14. Qc2 Rae8 15. Nf1 Nd5 16. e4 Nf6 17. N1d2 Qc6 18. O-O-O Nxe4 19. Nxe4 Qxe4 20. Qxe4 Rxe4 21. Kb1 Re2 22. a3 Rxg2 23. Rdg1 Rxg1+ 24. Rxg1 Re8 25. Rf1 c5 26. Ng5 Re7 27. dxc5 dxc5 28. Ne4 Rxe4 29. Rd1 f5 30. Rd8+ Kf7 31. Rd7+ Kf6 32. Rxb7 f4 33. Rxa7 f3 34. Ra6+ Kg5 35. Ra5 f2 36. Rxc5+ Re5 37. h4+ Kxh4 38. Rc4+ Kg3 {[W: 0:06:32; B: 0:07:45]} 0-1

[Event "Junior Online 4NCL Division 1"]
[Site "online"]
[Date "2021.03.18"]
[EventDate "2021.03.18"]
[Round "5.61"]
[White "Triffitt, Bradley"]
[WhiteElo "1548"]
[WhiteTeam "Hull & York Vikings"]
[Black "Chen, Daniel Xingyu"]
[BlackElo "1571"]
[BlackTeam "Warwickshire Bears C"]
[Result "1/2-1/2"]
[PlyCount "71"]

1. d4 Nf6 2. c4 c5 3. d5 e6 4. Nc3 exd5 5. cxd5 d6 6. Bg5 Nbd7 7. Nf3 Be7 8. e3 Ne5 9. Nxe5 dxe5 10. e4 Qb6 11. Qc2 h6 12. Bb5+ Bd7 13. Bxd7+ Nxd7 14. Bxe7 Kxe7 15. O-O Rhe8 16. Rad1 Rad8 17. Kh1 Nf6 18. f4 Kf8 19. Qd2 Qb4 20. a3 Qb6 21. Qf2 exf4 22. Qxf4 Qxb2 23. Qe3 Qxa3 24. Ra1 Qb3 25. Rab1 Qa3 26. Rxb7 Rxe4 27. Qh3 Rc4 28. Rxf7+ Kxf7 29. Qe6+ Kf8 30. Rxf6+ gxf6 31. Qxf6+ Ke8 32. Qe6+ Kf8 33. Qf6+ Kg8 34. Qg6+ Kh8 35. Qf6+ Kh7 36. Qf7+ {[W: 0:01:01; B: 0:00:40]} 1/2-1/2

[Event "Junior Online 4NCL Division 1"]
[Site "online"]
[Date "2021.03.18"]
[EventDate "2021.03.18"]
[Round "5.62"]
[White "He, Tom Junde"]
[WhiteElo "1487"]
[WhiteTeam "Warwickshire Bears C"]
[Black "Rich, Aaron"]
[BlackElo "1541"]
[BlackTeam "Hull & York Vikings"]
[Result "1-0"]
[PlyCount "85"]

1. e4 e6 2. d4 b6 3. Nf3 Bb7 4. Bd3 c5 5. c3 cxd4 6. cxd4 Bb4+ 7. Bd2 Nc6 8. d5 Bxd2+ 9. Qxd2 exd5 10. exd5 Qe7+ 11. Be2 Nb4 12. d6 Qe4 13. Na3 Ba6 14. O-O Kd8 15. Rfe1 Bxe2 16. Rxe2 Qd3 17. Qe1 Nf6 18. Rd1 Qa6 19. Ne5 Rf8 20. Ra1 Nd3 21. Nxd3 Qxd3 22. Rd1 Qa6 23. Rc1 Rc8 24. Rxc8+ Qxc8 25. Rc2 Qxc2 26. Qe7+ Kc8 27. Qxf8+ Kb7 28. Nxc2 Ne4 29. Qxf7 Kc6 30. Qc4+ Nc5 31. b4 Kxd6 32. bxc5+ bxc5 33. Na3 a6 34. Qxa6+ Kd5 35. Qb5 g5 36. Qc4+ Ke5 37. Qxc5+ Ke4 38. Nb5 d6 39. Nxd6+ Kd3 40. Qc4+ Kd2 41. Ne4+ Kd1 42. Qc3 g4 43. Qd2# {[W: 0:06:10; B: 0:03:47]} 1-0

[Event "Junior Online 4NCL Division 1"]
[Site "online"]
[Date "2021.03.18"]
[EventDate "2021.03.18"]
[Round "5.63"]
[White "Wood, Philip A"]
[WhiteElo "1426"]
[WhiteTeam "Hull & York Vikings"]
[Black "Amir, Zain"]
[BlackElo "1479"]
[BlackTeam "Warwickshire Bears C"]
[Result "0-1"]
[PlyCount "134"]

1. d4 d5 2. Nc3 Bf5 3. Bf4 e6 4. a3 Nf6 5. Nf3 Bd6 6. Bg3 O-O 7. e3 a6 8. Be2 Nc6 9. Nh4 Bg6 10. Nxg6 fxg6 11. Qd3 Qe7 12. f4 b5 13. b4 Rfb8 14. O-O a5 15. Nxb5 axb4 16. Nxd6 cxd6 17. axb4 Nxb4 18. Qc3 Ne4 19. Qe1 Rxa1 20. Qxa1 Nxc2 21. Qc1 Nb4 22. Bf3 Nxg3 23. hxg3 Qb7 24. Qb2 Na6 25. Qxb7 Rxb7 26. Ra1 Nc7 27. Rc1 Kf7 28. e4 dxe4 29. Bxe4 d5 30. Bf3 Ke7 31. Kf2 Kd7 32. Rd1 Rb2+ 33. Be2 Nb5 34. Ke3 Rxe2+ 35. Kxe2 Nc3+ 36. Ke1 Nxd1 37. Kxd1 Kc6 38. Ke2 Kb5 39. Ke3 Kc4 40. g4 h5 41. gxh5 gxh5 42. g3 Kc3 43. Kf3 Kxd4 44. g4 hxg4+ 45. Kxg4 Ke4 46. Kg3 d4 47. Kf2 Kxf4 48. Ke2 g5 49. Kd3 g4 50. Kxd4 g3 51. Kd3 Kf3 52. Kd2 Kf2 53. Kd3 g2 54. Ke4 g1=Q 55. Ke5 Qg4 56. Kd6 Qf5 57. Ke7 e5 58. Kd6 e4 59. Kc7 Qe6 60. Kb7 Qd6 61. Kc8 Qe7 62. Kb8 e3 63. Kc8 e2 64. Kb8 e1=Q 65. Kc8 Qc3+ 66. Kb8 Qeb4+ 67. Ka7 Qca3# {[W: 0:01:35; B: 0:09:02]} 0-1

[Event "Junior Online 4NCL Division 1"]
[Site "online"]
[Date "2021.03.18"]
[EventDate "2021.03.18"]
[Round "5.64"]
[White "Purushothaman, Amitesh"]
[WhiteElo "1436"]
[WhiteTeam "Warwickshire Bears C"]
[Black "Leatham, Bertie"]
[BlackElo "1206"]
[BlackTeam "Hull & York Vikings"]
[Result "1-0"]
[PlyCount "51"]

1. d4 d5 2. c4 e6 3. Nf3 Nf6 4. g3 c5 5. cxd5 exd5 6. Bg2 Nc6 7. e3 Bd6 8. O-O O-O 9. Nc3 Be6 10. Qb3 b6 11. Ng5 h6 12. Nxe6 fxe6 13. Nxd5 Na5 14. Nxf6+ Qxf6 15. Qc2 Rac8 16. Qe2 c4 17. Bd2 Nb7 18. Bxb7 Rc7 19. Bg2 e5 20. Bc3 Re8 21. dxe5 Bxe5 22. Rac1 Bxc3 23. Rxc3 b5 24. Qh5 Rf8 25. Qxb5 Qf7 26. Bd5 {[W: 0:06:00; B: 0:06:04]} 1-0

[Event "Junior Online 4NCL Division 1"]
[Site "online"]
[Date "2021.03.18"]
[EventDate "2021.03.18"]
[Round "5.65"]
[White "Chen, Daniel Xingyu"]
[WhiteElo "1571"]
[WhiteTeam "Warwickshire Bears C"]
[Black "Triffitt, Bradley"]
[BlackElo "1548"]
[BlackTeam "Hull & York Vikings"]
[Result "0-1"]
[PlyCount "52"]

1. e4 c5 2. Nc3 Nc6 3. Bb5 d6 4. d3 Bd7 5. f4 g6 6. Nf3 Bg7 7. O-O Nf6 8. Qe1 O-O 9. Bxc6 Bxc6 10. f5 Qc8 11. Qh4 gxf5 12. Ng5 h6 13. Rxf5 Bd7 14. Nd5 Qd8 15. Rf3 hxg5 16. Qxg5 Nh7 17. Nxe7+ Kh8 18. Qh4 Re8 19. Rxf7 Be6 20. Ng6+ Kg8 21. Qxd8 Raxd8 22. Rxb7 Bf7 23. Nf4 Bd4+ 24. Kf1 Rf8 25. Rxa7 c4 26. g3 Bxa7 {[W: 0:00:14; B: 0:01:51]} 0-1

[Event "Junior Online 4NCL Division 1"]
[Site "online"]
[Date "2021.03.18"]
[EventDate "2021.03.18"]
[Round "5.66"]
[White "Rich, Aaron"]
[WhiteElo "1541"]
[WhiteTeam "Hull & York Vikings"]
[Black "He, Tom Junde"]
[BlackElo "1487"]
[BlackTeam "Warwickshire Bears C"]
[Result "1-0"]
[PlyCount "67"]

1. b3 d5 2. Bb2 Nc6 3. e3 e5 4. Bb5 Bd6 5. Ne2 Nf6 6. O-O O-O 7. f4 e4 8. Bxc6 bxc6 9. Ng3 g6 10. Nc3 Ne8 11. Nce2 f5 12. Nd4 c5 13. Nb5 a6 14. Nxd6 cxd6 15. Kf2 Nf6 16. h3 Nd7 17. Rh1 Qh4 18. d4 cxd4 19. Qxd4 Nf6 20. c4 dxc4 21. Qxc4+ Rf7 22. Qd4 d5 23. Rac1 Kg7 24. Qxd5 Bb7 25. Qe5 Kh6 26. Rc7 Rxc7 27. Qxc7 Rc8 28. Bxf6 Qxg3+ 29. Kxg3 Rxc7 30. Rd1 Rc6 31. Bg5+ Kh5 32. Rd7 h6 33. Rh7 Rc2 34. Rxh6# {[W: 0:04:03; B: 0:05:54]} 1-0

[Event "Junior Online 4NCL Division 1"]
[Site "online"]
[Date "2021.03.18"]
[EventDate "2021.03.18"]
[Round "5.67"]
[White "Amir, Zain"]
[WhiteElo "1479"]
[WhiteTeam "Warwickshire Bears C"]
[Black "Wood, Philip A"]
[BlackElo "1426"]
[BlackTeam "Hull & York Vikings"]
[Result "1-0"]
[PlyCount "71"]

1. c4 e5 2. Nc3 Nf6 3. g3 Bc5 4. Bg2 d6 5. e3 Nc6 6. Nge2 Bf5 7. d3 Qd7 8. O-O Bh3 9. a3 a6 10. b4 Ba7 11. d4 O-O 12. Bb2 exd4 13. exd4 Bg4 14. d5 Ne7 15. Qd2 Ng6 16. Rfe1 Rfe8 17. Nf4 Nxf4 18. Qxf4 Qf5 19. Qxf5 Bxf5 20. Rad1 Bg4 21. Rc1 Bh5 22. h3 h6 23. g4 Bg6 24. Rcd1 Bc2 25. Rc1 Bb3 26. Bf1 b5 27. cxb5 axb5 28. Nxb5 Bb6 29. Nc3 Bxd5 30. Nxd5 Nxd5 31. Bg2 Nf4 32. Bxa8 Rxa8 33. Rc3 Bd4 34. Rf3 Bxb2 35. Rxf4 Rxa3 36. Rb1 {Time forfeit} {[W: 0:07:01; B: 0:00:05]} 1-0